[Event "Vellmar op 10th"]
[Site "Vellmar"]
[Date "2018.07.13"]
[Round "3"]
[White "Fromm, Nick"]
[Black "Pfitzenreuter, Gerald"]
[Result "1/2-1/2"]
[WhiteElo "1614"]
[BlackElo "2071"]
[PlyCount "39"]
[EventDate "2018.07.12"]
[EventType "swiss"]
[EventRounds "7"]
[EventCountry "GER"]
[SourceTitle "CBM 185 Extra"]
[Source "ChessBase"]
[SourceDate "2018.07.29"]
[SourceVersion "1"]
[SourceVersionDate "2018.07.29"]
[SourceQuality "1"]

1. e4 c5 2. Nf3 d6 3. d4 cxd4 4. Nxd4 Nf6 5. Nc3 g6 6. Be3 Bg7 7. Qd2 Ng4 8. Bg5 Nc6 9. Nxc6 bxc6 10. f3 Ne5 11. 0-0-0 Be6 12. b3 0-0 13. Bh6 Qa5 14. Bxg7 Kxg7 15. f4 Ng4 16. h3 Nf2 17. Qxf2 Qxc3 18. Qd4+ Qxd4 19. Rxd4 c5 20. Rd2 1/2-1/2

[Event "GER-chT U14"]
[Site "Duesseldorf"]
[Date "2016.12.27"]
[Round "1.3"]
[White "Fidlin, Simon"]
[Black "Fromm, Nick"]
[Result "1-0"]
[WhiteElo "1777"]
[BlackElo "1474"]
[PlyCount "65"]
[EventDate "2016.12.27"]
[EventType "team-swiss"]
[EventRounds "7"]
[EventCountry "GER"]
[SourceTitle "EXT 2018"]
[Source "ChessBase"]
[SourceDate "2017.10.13"]
[SourceVersion "1"]
[SourceVersionDate "2017.10.13"]
[SourceQuality "1"]
[WhiteTeam "Karlsruhe SF U14"]
[BlackTeam "Kassel Caissa U14"]
[WhiteTeamCountry "GER"]
[BlackTeamCountry "GER"]

1. e4 e6 2. d4 d5 3. Nc3 Nf6 4. e5 Nfd7 5. f4 c5 6. Nce2 Nc6 7. c3 f6 8. Nf3 fxe5 9. fxe5 Be7 10. Nf4 Nb6 11. Bd3 cxd4 12. cxd4 g6 13. 0-0 g5 14. Nh5 g4 15. Ne1 Nxd4 16. Qxg4 Nf5 17. Bxf5 exf5 18. Ng7+ Kd7 19. e6+ Kc6 20. Rxf5 Rg8 21. Rf7 Qd6 22. Be3 Nc4 23. Bd4 Rf8 24. Nf5 Qb4 25. Nxe7+ Kb5 26. Nd3 Qd6 27. a4+ Ka6 28. Rxf8 Qxe7 29. Rf6 Ne3 30. Qe2 Nc4 31. b4 b5 32. axb5+ Kxb5 33. Qc2 1-0

[Event "GER-chT U10"]
[Site "Magdeburg"]
[Date "2013.12.28"]
[Round "4.1"]
[White "Kukulina, Sonja"]
[Black "Fromm, Nick"]
[Result "0-1"]
[WhiteElo "1229"]
[BlackElo "1287"]
[PlyCount "144"]
[EventDate "2013.12.27"]
[EventType "team-swiss"]
[EventRounds "5"]
[EventCountry "GER"]
[SourceTitle "EXT 2015"]
[Source "ChessBase"]
[SourceDate "2014.11.20"]
[SourceVersion "1"]
[SourceVersionDate "2014.11.20"]
[SourceQuality "1"]
[WhiteTeam "Muenchen Suedost"]
[BlackTeam "Kassel"]
[WhiteTeamCountry "GER"]
[BlackTeamCountry "GER"]

1. e4 d5 2. exd5 Qxd5 3. Nc3 Qd6 4. Nf3 Nc6 5. Bb5 Bd7 6. d3 e5 7. Be3 Nf6 8. Ne4 Qb4+ 9. Nc3 Nd5 10. Rb1 Bd6 11. a3 Nxe3 12. fxe3 Qa5 13. b4 Nxb4 14. a4 Nd5 15. Bxd7+ Kxd7 16. Rb3 Nxc3 17. Qd2 Bb4 18. Nxe5+ Ke8 19. 0-0 Na2 20. Qf2 Qxe5 21. c3 Bxc3 22. Qxa2 Qxe3+ 23. Kh1 Qe6 24. Qb1 Ba5 25. Rxb7 c6 26. Rb8+ Rxb8 27. Qxb8+ Bd8 28. Qxa7 Qd7 29. Re1+ Be7 30. Qa8+ Qd8 31. Qxc6+ Kf8 32. Rc1 Qxd3 33. h3 g6 34. a5 Qa3 35. a6 Kg7 36. Qb6 Ra8 37. Rc6 Qa1+ 38. Kh2 Bg5 39. Qb7 Bf4+ 40. g3 Bxg3+ 41. Kxg3 Qe5+ 42. Kf3 Qb8 43. Qxb8 Rxb8 44. a7 Ra8 45. Ra6 Kf8 46. Ke4 Ke7 47. Kd5 Kd7 48. Kc5 Kc7 49. Kb5 Kb7 50. Rb6+ Kxa7 51. Ra6+ Kb7 52. Rxa8 Kxa8 53. Kc6 Kb8 54. Kd5 Kc8 55. Ke5 f5 56. Kf6 f4 57. Kg7 f3 58. Kxh7 f2 59. Kxg6 f1Q 60. h4 Kd7 61. h5 Ke6 62. h6 Qf6+ 63. Kh5 Qf7+ 64. Kg5 Qg8+ 65. Kh5 Qh7 66. Kg5 Kf7 67. Kh5 Qg6+ 68. Kh4 Kf6 69. h7 Kf5 70. Kh3 Kf4 71. Kh2 Kf3 72. Kh1 Qg2# 0-1

[Event "Hessen-ch U10"]
[Site "Bad Homburg"]
[Date "2012.??.??"]
[Round "9"]
[White "Fromm, Nick"]
[Black "Graf, Lennard"]
[Result "1-0"]
[WhiteElo "939"]
[BlackElo "740"]
[PlyCount "37"]
[EventDate "2012.04.??"]
[EventType "swiss"]
[EventRounds "9"]
[EventCountry "GER"]
[SourceTitle "EXT 2015"]
[Source "ChessBase"]
[SourceDate "2014.11.20"]
[SourceVersion "1"]
[SourceVersionDate "2014.11.20"]
[SourceQuality "1"]

1. e4 c6 2. c4 d5 3. cxd5 cxd5 4. exd5 Qxd5 5. Nc3 Qc6 6. Nf3 Bg4 7. Be2 Qe6 8. 0-0 Qg6 9. d4 Bh3 10. Nh4 Qf6 11. Nf3 Bf5 12. Nd5 Qd6 13. Nc3 Nf6 14. Qb3 b6 15. Ne5 Nc6 16. Nxf7 Qxd4 17. Nxh8 Na5 18. Qf7+ Kd8 19. Rd1 1-0